<?xml version="1.0" encoding="UTF-8"?>
<marc:record xmlns:marc="http://www.loc.gov/MARC21/slim">
   <marc:leader>00000nam a2200000 a 4500</marc:leader>
   <marc:datafield ind1="1" ind2=" " tag="100">
      <marc:subfield code="a">Meyer, Arthur</marc:subfield>
      <marc:subfield code="4">ctb</marc:subfield>
      <marc:subfield code="e">Mitwirkende/-r</marc:subfield>
   </marc:datafield>
   <marc:datafield ind1="1" ind2=" " tag="100">
      <marc:subfield code="a">Pospichal, Josef</marc:subfield>
      <marc:subfield code="4">ctb</marc:subfield>
      <marc:subfield code="e">Mitwirkende/-r</marc:subfield>
   </marc:datafield>
   <marc:datafield ind1=" " ind2=" " tag="653">
      <marc:subfield code="a">Softcover / Sachbücher/Natur</marc:subfield>
   </marc:datafield>
   <marc:datafield ind1=" " ind2=" " tag="653">
      <marc:subfield code="a">Technik/Sonstiges</marc:subfield>
   </marc:datafield>
   <marc:datafield ind1="0" ind2="0" tag="245">
      <marc:subfield code="a">Zahnradbahnlokomotiven aus Floridsdorf</marc:subfield>
   </marc:datafield>
   <marc:datafield ind1="0" ind2="0" tag="245">
      <marc:subfield code="c">Arthur Meyer ; Josef Pospichal</marc:subfield>
   </marc:datafield>
   <marc:datafield ind1=" " ind2="1" tag="264">
      <marc:subfield code="a">Wien</marc:subfield>
      <marc:subfield code="b">Bahnmedien.at</marc:subfield>
      <marc:subfield code="c">2012</marc:subfield>
   </marc:datafield>
   <marc:datafield ind1="1" ind2=" " tag="490">
      <marc:subfield code="a">Bahnmedien.at : [...], Bild</marc:subfield>
      <marc:subfield code="v">2</marc:subfield>
   </marc:datafield>
   <marc:datafield ind1=" " ind2=" " tag="250">
      <marc:subfield code="a">1. Aufl.</marc:subfield>
   </marc:datafield>
   <marc:datafield ind1="1" ind2=" " tag="520">
      <marc:subfield code="a">Angaben aus der Verlagsmeldung

Zahnradbahnlokomotiven aus Floridsdorf / von Arthur Meyer, Josef Pospichal

Die Wiener Lokomotivfabrik Floridsdorf besaß die alleinigen Patente des Zahnradbahn-Systems Abt für das Gebiet der ehemaligen österreichisch-ungarischen Monarchie. Sie wurde damit neben der weltweit tätigen Schweizerischen Lokomotiv- und Maschinenfabrik (SLM) Winterthur zur größten Produzentin von Zahnradbahn-Triebfahrzeugen. Zahnradbahnen unterschiedlicher Spurweite mit Floridsdorfer Lokomotiven finden sich auf den Territorien der späteren Nachfolgestaaten Österreich, Tschechien, Slowakei, Ungarn, Rumänien und Bosnien-Herzegowina. Mehrere Lokomotiven dieser Strecken sind bis heute erhalten geblieben. Auf der Achenseebahn in Tirol sind sie sogar noch regelmäßig in Betrieb.
</marc:subfield>
   </marc:datafield>
   <marc:datafield ind1=" " ind2=" " tag="020">
      <marc:subfield code="a">9783950330403</marc:subfield>
      <marc:subfield code="9">9783950330403</marc:subfield>
   </marc:datafield>
   <marc:datafield ind1=" " ind2=" " tag="041">
      <marc:subfield code="a">ger</marc:subfield>
   </marc:datafield>
   <marc:datafield ind1=" " ind2=" " tag="300">
      <marc:subfield code="a">94 S.</marc:subfield>
   </marc:datafield>
</marc:record>
